Logo biblioteca
Santa Fe 2917, Rosario, Santa Fe
Lu-Vi 8 a 19.45
+54-341-4232362
bibliotecaeudoro@gmail.com
Facebook Biblioteca Pedagógica
Sitio web

Casas muertas / (Registro nro. 32557)

Detalles MARC
000 -CABECERA
campo fijo de control de longitud 00727nam a2200229 4500
001 - NÚMERO DE CONTROL
campo de control 32557
003 - IDENTIFICADOR DEL NÚMERO DE CONTROL
campo de control AR-RoBPED
005 - FECHA Y HORADE LA ULTIMA TRANSACCION
campo de control 20260413085007.0
008 - ELEMENTOS DE LONGITUD FIJA--INFORMACION GENERAL
campo fijo de control de longitud 260410s1971 es ||||er|||| 001 1 spa d
040 ## - FUENTE CATALOGADORA
Centro catalogador/agencia de origen AR-RoBPED
041 ## - IDIOMA
Código de idioma para texto/pista de sonido o título independiente spa
100 ## - ENCABEZAMIENTO PRINCIPAL--AUTOR PERSONAL
Nombre de persona Otero Silva, Miguel
Fechas nac-muerte 1908-1985
9 (RLIN) 30657
245 1# - TITULO
Título Casas muertas /
Mención de responsabilidad Miguel Otero Silva; prólogo de Jorge Campos.
260 ## - PUBLICACION
Lugar España:
Editor Salvat,
Fecha 1971.
300 ## - DESCRIPCION FISICA
Extensión 179 p.
490 0# - SERIE
Mención de serie (Biblioteca Basica Salvat;
Designación de volumen o secuencia N° 91)
650 #4 - TERMINO DE MATERIA--CONTROLADO
Término controlado LITERATURA VENEZOLANA
9 (RLIN) 7721
Término controlado NOVELAS
9 (RLIN) 25
700 ## - ENCABEZAMIENTO SECUNDARIO--AUTOR PERSONAL
Nombre de persona Campos, Jorge, seud.
Fecha de nac-muerte 1916-1983
9 (RLIN) 30658
Función prol.
942 ## - ELEMENTOS KOHA
Fuente de clasificación Universal Decimal Classification
Número Koha k. 32557
Koha tipo de ítem Libro
Clasificación 860(87)-31
Signatura librística OS 86
Inventario inv. 42324
945 ## - PROCESAMIENTO DE LA INFORMACIÓN LOCAL
Catalogador y fecha mm 10/04/2026 - cd 13/04/2026
Existencias
Estado retirado Estado perdido Fuente de clasificación Estado dañado No se presta Biblioteca propietaria Biblioteca de reserva Fecha de adquisición Procedencia Total de préstamos Signatura topográfica completa Código de barras (nº de inventario) Fecha visto por última vez Catalogador y fecha Tipo de ítem Koha Nota pública
    Universal Decimal Classification     Biblioteca Pedagógica Eudoro Díaz Biblioteca Pedagógica Eudoro Díaz 27/03/2026 Donación   860(87)-31 OS 86 42324 10/04/2026 mm 10/04/2026 Libro Se presta 15 días.